[Event "World Cup 2021"]
[Site "Sochi"]
[Date "2021.07.14"]
[Round "4.3"]
[White "Bok Benjamin (NED)"]
[Black "Abdyjapar Asyl (KGZ)"]
[Result "1-0"]
[WhiteElo "2624"]
[BlackElo "2403"]
[Annotator ""]
[Source ""]
[Remark ""]

1.Nf3 {[%clk 0:25:17]} Nf6 {[%clk 0:25:19]} 2.c4 {[%clk 0:25:26]}
g6 {[%clk 0:25:23]} 3.g3 {[%clk 0:25:32]} Bg7 {[%clk 0:25:32]}
4.Bg2 {[%clk 0:25:39]} O-O {[%clk 0:25:40]} 5.O-O {[%clk 0:25:41]}
d6 {[%clk 0:25:49]} 6.d4 {[%clk 0:25:46]} Nc6 {[%clk 0:25:52]}
7.Nc3 {[%clk 0:25:54]} a6 {[%clk 0:26:01]} 8.b3 {[%clk 0:25:58]}
Rb8 {[%clk 0:26:09]} 9.d5 {[%clk 0:26:04]} Na7 {[%clk 0:23:28]}
10.Be3 {[%clk 0:23:41]} c5 {[%clk 0:23:25]} 11.dxc6 {[%clk 0:23:47]}
Nxc6 {[%clk 0:23:29]} 12.Rc1 {[%clk 0:23:55]} Bd7 {[%clk 0:22:47]}
13.Nd5 {[%clk 0:21:55]} b5 {[%clk 0:21:33]} 14.c5 {[%clk 0:19:10]}
Ng4 {[%clk 0:21:01]} 15.cxd6 {[%clk 0:17:51]} Nxe3 {[%clk 0:20:32]}
16.Nxe3 {[%clk 0:17:56]} e6 {[%clk 0:20:09]} 17.Qd2 {[%clk 0:16:46]}
Rb6 {[%clk 0:19:11]} 18.Rfd1 {[%clk 0:16:20]} Qb8 {[%clk 0:17:32]}
19.h4 {[%clk 0:10:01]} Rd8 {[%clk 0:15:36]} 20.Ng4 {[%clk 0:09:25]}
Be8 21.Qf4 {[%clk 0:08:34]} f5 {[%clk 0:13:06]} 22.Nh6+ {[%clk 0:08:15]}
Kh8 {[%clk 0:12:32]} 23.Rxc6 {[%clk 0:02:56]} Rxc6 {[%clk 0:11:12]}
24.d7 {[%clk 0:02:15]} Qxf4 {[%clk 0:06:22]} 25.dxe8Q+ {[%clk 0:02:22]}
Rxe8 {[%clk 0:06:30]} 26.Nf7+ {[%clk 0:02:30]} Kg8 {[%clk 0:06:38]}
27.gxf4 {[%clk 0:02:39]} Rec8 {[%clk 0:05:43]} 28.Nd8 {[%clk 0:01:22]}
Rc1 {[%clk 0:05:45]} 29.Rxc1 {[%clk 0:01:30]} Rxc1+ {[%clk 0:05:54]}
30.Bf1 {[%clk 0:01:37]} Ra1 {[%clk 0:05:27]} 31.Nxe6 {[%clk 0:00:49]}
Bf6 {[%clk 0:05:12]} 32.e3 {[%clk 0:00:38]} Rxa2 {[%clk 0:05:19]}
33.Ned4 {[%clk 0:00:41]} h5 {[%clk 0:04:50]} 34.Nxb5 {[%clk 0:00:30]}
axb5 {[%clk 0:04:51]} 35.Bxb5 {[%clk 0:00:39]} Kf7 {[%clk 0:04:51]}
36.Bc4+ {[%clk 0:00:46]} Ke7 {[%clk 0:05:00]} 37.Kg2 {[%clk 0:00:54]}
Kd6 {[%clk 0:05:05]} 38.b4 {[%clk 0:00:34]} Rb2 {[%clk 0:05:11]}
39.Bf7 {[%clk 0:00:35]} Rxb4 {[%clk 0:05:18]} 40.Bxg6 {[%clk 0:00:39]}
Ke6 {[%clk 0:05:23]} 41.Bxh5 {[%clk 0:00:40]} Rb8 {[%clk 0:05:32]}
42.Bg6 {[%clk 0:00:35]} Rg8 {[%clk 0:05:27]} 43.h5 {[%clk 0:00:44]}
Rb8 {[%clk 0:05:32]} 44.Ng5+ {[%clk 0:00:47]} Bxg5 {[%clk 0:05:37]}
45.fxg5 {[%clk 0:00:56]} Ke5 {[%clk 0:05:44]} 46.h6 {[%clk 0:00:55]}
Rg8 {[%clk 0:05:51]} 47.h7 {[%clk 0:01:02]} Rh8 {[%clk 0:05:58]}
48.Kf3 {[%clk 0:01:07]} Rf8 {[%clk 0:05:57]} 49.Bf7 {[%clk 0:01:14]}
Rh8 {[%clk 0:05:56]} 50.Bg8 {[%clk 0:01:20]} 1-0

[Event "World Cup 2021"]
[Site "Sochi"]
[Date "2021.07.14"]
[Round "4.3"]
[White "Mekhitarian Krikor Sevag (BRA)"]
[Black "Gonzalez Zamora Juan Carlos (MEX)"]
[Result "1-0"]
[WhiteElo "2554"]
[BlackElo "2545"]
[Annotator ""]
[Source ""]
[Remark ""]

1.d4 {[%clk 0:25:18]} Nf6 {[%clk 0:25:19]} 2.c4 {[%clk 0:25:26]}
e6 {[%clk 0:25:28]} 3.Nf3 {[%clk 0:25:30]} Bb4+ {[%clk 0:25:37]}
4.Nbd2 {[%clk 0:25:30]} d5 {[%clk 0:24:47]} 5.Qa4+ {[%clk 0:25:31]}
Nc6 {[%clk 0:24:55]} 6.a3 {[%clk 0:25:36]} Bxd2+ {[%clk 0:25:02]}
7.Bxd2 {[%clk 0:25:43]} Ne4 {[%clk 0:24:59]} 8.Rd1 {[%clk 0:24:13]}
O-O {[%clk 0:24:13]} 9.e3 {[%clk 0:24:20]} f5 {[%clk 0:21:49]}
10.Bd3 {[%clk 0:22:43]} Bd7 {[%clk 0:21:45]} 11.Qc2 {[%clk 0:22:51]}
Be8 {[%clk 0:21:50]} 12.b4 {[%clk 0:20:26]} Bh5 {[%clk 0:21:53]}
13.Be2 {[%clk 0:20:03]} f4 {[%clk 0:20:34]} 14.b5 {[%clk 0:14:16]}
fxe3 {[%clk 0:19:23]} 15.Bxe3 {[%clk 0:14:24]} Ne7 {[%clk 0:17:06]}
16.O-O {[%clk 0:12:15]} Nf5 {[%clk 0:16:57]} 17.Rc1 {[%clk 0:08:34]}
Rc8 {[%clk 0:07:51]} 18.a4 {[%clk 0:06:18]} c6 {[%clk 0:07:37]}
19.bxc6 {[%clk 0:06:12]} bxc6 {[%clk 0:07:29]} 20.Qd3 {[%clk 0:04:12]}
Qa5 {[%clk 0:03:41]} 21.c5 {[%clk 0:03:53]} Qd8 {[%clk 0:02:50]}
22.Ne5 {[%clk 0:03:34]} Bxe2 {[%clk 0:02:10]} 23.Qxe2 {[%clk 0:03:43]}
Nf6 {[%clk 0:01:13]} 24.f3 {[%clk 0:03:11]} Nd7 {[%clk 0:01:13]}
25.Bf2 {[%clk 0:02:54]} Nxe5 {[%clk 0:01:17]} 26.Qxe5 {[%clk 0:03:02]}
Qd7 {[%clk 0:01:12]} 27.Rfe1 {[%clk 0:02:57]} Rfe8 {[%clk 0:01:08]}
28.Rb1 {[%clk 0:02:54]} Nh6 {[%clk 0:01:03]} 29.Bg3 {[%clk 0:02:14]}
Nf7 {[%clk 0:01:11]} 30.Qe3 {[%clk 0:01:38]} Re7 {[%clk 0:00:57]}
31.a5 {[%clk 0:01:31]} h6 32.a6 {[%clk 0:01:26]} Rce8 {[%clk 0:00:30]}
33.Rb7 {[%clk 0:01:19]} Qc8 {[%clk 0:00:20]} 34.Reb1 {[%clk 0:01:02]}
e5 35.dxe5 {[%clk 0:01:09]} Qf5 {[%clk 0:00:34]} 36.Re1 {[%clk 0:00:49]}
Re6 {[%clk 0:00:34]} 37.f4 {[%clk 0:00:50]} g5 {[%clk 0:00:41]}
38.Rf1 {[%clk 0:00:51]} Qc2 {[%clk 0:00:17]} 39.f5 {[%clk 0:00:41]}
Rxe5 {[%clk 0:00:23]} 40.Bxe5 {[%clk 0:00:48]} Rxe5 {[%clk 0:00:33]}
41.Qf3 {[%clk 0:00:35]} Qxc5+ {[%clk 0:00:37]} 42.Kh1 {[%clk 0:00:44]}
Nd6 {[%clk 0:00:19]} 43.Qh5 {[%clk 0:00:41]} Nxb7 {[%clk 0:00:20]}
44.Qg6+ {[%clk 0:00:34]} Kf8 {[%clk 0:00:26]} 45.Qf6+ {[%clk 0:00:17]}
Kg8 {[%clk 0:00:32]} 46.Qxe5 {[%clk 0:00:15]} Nd6 47.f6 {[%clk 0:00:21]}
Nf7 {[%clk 0:00:41]} 48.Qe8+ {[%clk 0:00:26]} Qf8 {[%clk 0:00:50]}
49.Qxc6 {[%clk 0:00:32]} Qd8 {[%clk 0:00:42]} 50.Qb7 {[%clk 0:00:34]}
d4 {[%clk 0:00:42]} 51.Qxa7 {[%clk 0:00:42]} d3 {[%clk 0:00:52]}
52.Qe3 {[%clk 0:00:45]} d2 {[%clk 0:00:52]} 53.Rd1 {[%clk 0:00:40]}
Qxf6 {[%clk 0:00:49]} 54.a7 {[%clk 0:00:45]} Qa6 {[%clk 0:00:46]}
55.Qe8+ {[%clk 0:00:50]} Kg7 {[%clk 0:00:55]} 56.a8Q 1-0

[Event "World Cup 2021"]
[Site "Sochi"]
[Date "2021.07.14"]
[Round "4.7"]
[White "Ghaem Maghami Ehsan (IRI)"]
[Black "Megaranto Susanto (INA)"]
[Result "0-1"]
[WhiteElo "2547"]
[BlackElo "2550"]
[Annotator ""]
[Source ""]
[Remark ""]

1.c4 {[%clk 0:25:18]} e5 {[%clk 0:25:11]} 2.Nc3 {[%clk 0:25:12]}
Bb4 {[%clk 0:25:19]} 3.Nd5 {[%clk 0:25:09]} a5 {[%clk 0:25:28]}
4.g3 {[%clk 0:24:48]} c6 {[%clk 0:25:17]} 5.Nxb4 {[%clk 0:24:54]}
axb4 {[%clk 0:25:25]} 6.d4 {[%clk 0:23:36]} d6 {[%clk 0:25:29]}
7.Bg2 {[%clk 0:23:11]} Nf6 {[%clk 0:24:43]} 8.dxe5 {[%clk 0:21:49]}
dxe5 {[%clk 0:24:51]} 9.Qxd8+ {[%clk 0:21:56]} Kxd8 {[%clk 0:25:00]}
10.Nf3 {[%clk 0:21:14]} Nfd7 {[%clk 0:18:31]} 11.Bd2 {[%clk 0:12:10]}
c5 {[%clk 0:16:50]} 12.Ng5 {[%clk 0:11:39]} Ke7 {[%clk 0:16:51]}
13.Bd5 {[%clk 0:11:14]} Nb6 {[%clk 0:15:12]} 14.f4 {[%clk 0:09:16]}
exf4 {[%clk 0:05:47]} 15.Bxf4 {[%clk 0:09:18]} Nxd5 {[%clk 0:05:33]}
16.cxd5 {[%clk 0:09:20]} f6 {[%clk 0:05:38]} 17.Ne4 {[%clk 0:08:43]}
b6 {[%clk 0:05:47]} 18.Nd6 {[%clk 0:06:41]} g5 {[%clk 0:05:14]}
19.Nxc8+ {[%clk 0:06:46]} Rxc8 {[%clk 0:05:21]} 20.Bxb8 {[%clk 0:06:34]}
Rcxb8 {[%clk 0:05:29]} 21.O-O {[%clk 0:05:12]} b5 {[%clk 0:03:10]}
22.Rf3 {[%clk 0:03:31]} Rb6 {[%clk 0:02:46]} 23.e4 {[%clk 0:03:25]}
c4 {[%clk 0:02:40]} 24.Raf1 {[%clk 0:02:39]} Raa6 {[%clk 0:01:20]}
25.a3 {[%clk 0:01:57]} bxa3 {[%clk 0:00:50]} 26.bxa3 {[%clk 0:02:06]}
Kd6 {[%clk 0:00:43]} 27.Rxf6+ {[%clk 0:01:48]} Ke5 {[%clk 0:00:53]}
28.R6f5+ {[%clk 0:01:30]} Kxe4 {[%clk 0:00:41]} 29.Rxg5 {[%clk 0:01:33]}
Rxa3 {[%clk 0:00:32]} 30.Rf4+ {[%clk 0:01:36]} Ke3 {[%clk 0:00:37]}
31.Re5+ {[%clk 0:01:43]} Kd2 {[%clk 0:00:41]} 32.Rf2+ {[%clk 0:01:25]}
Kc3 {[%clk 0:00:50]} 33.d6 {[%clk 0:01:27]} Rxd6 {[%clk 0:00:38]}
34.Rxb5 {[%clk 0:01:36]} Rd1+ {[%clk 0:00:39]} 35.Kg2 {[%clk 0:01:39]}
Rd2 {[%clk 0:00:48]} 36.Rxd2 {[%clk 0:01:15]} Kxd2 {[%clk 0:00:57]}
37.Rb7 {[%clk 0:01:24]} c3 {[%clk 0:00:41]} 38.Rd7+ {[%clk 0:01:29]}
Kc1 {[%clk 0:00:43]} 39.Rxh7 {[%clk 0:01:16]} c2 {[%clk 0:00:52]}
40.h4 {[%clk 0:00:14]} Kd2 {[%clk 0:00:54]} 41.Rd7+ {[%clk 0:00:18]}
Rd3 {[%clk 0:01:03]} 42.Rc7 {[%clk 0:00:27]} Rc3 {[%clk 0:01:12]}
43.Rd7+ {[%clk 0:00:35]} Ke3 {[%clk 0:01:10]} 44.Re7+ {[%clk 0:00:44]}
Kd4 {[%clk 0:01:18]} 45.Re1 {[%clk 0:00:52]} c1Q {[%clk 0:01:22]}
46.Rxc1 {[%clk 0:01:00]} Rxc1 {[%clk 0:01:31]} 47.Kf3 {[%clk 0:01:08]}
Ke5 {[%clk 0:01:40]} 48.Kg4 {[%clk 0:01:15]} Kf6 {[%clk 0:01:49]}
49.Kh5 {[%clk 0:01:15]} Rc8 {[%clk 0:01:47]} 50.Kg4 {[%clk 0:01:22]}
Rg8+ {[%clk 0:01:56]} 51.Kf4 {[%clk 0:01:30]} Ra8 {[%clk 0:01:57]} 0-1

[Event "World Cup 2021"]
[Site "Sochi"]
[Date "2021.07.15"]
[Round "2.1"]
[White "Fier Alexandr (BRA)"]
[Black "Vidit Santosh Gujrathi (IND)"]
[Result "1/2-1/2"]
[WhiteElo "2569"]
[BlackElo "2726"]
[Annotator ""]
[Source ""]
[Remark ""]

1.e4 {[%clk 1:30:57]} e5 {[%clk 1:30:37]} 2.Nf3 {[%clk 1:31:23]}
Nf6 {[%clk 1:30:45]} 3.d4 {[%clk 1:31:21]} Nxe4 {[%clk 1:30:59]}
4.Bd3 {[%clk 1:31:45]} d5 {[%clk 1:31:11]} 5.Nxe5 {[%clk 1:32:10]}
Nd7 {[%clk 1:31:00]} 6.Nc3 {[%clk 1:28:51]} Nxe5 {[%clk 1:29:28]}
7.dxe5 {[%clk 1:29:16]} Nxc3 {[%clk 1:29:51]} 8.bxc3 {[%clk 1:29:42]}
Bc5 {[%clk 1:30:09]} 9.O-O {[%clk 1:26:44]} O-O {[%clk 1:30:15]}
10.Qh5 {[%clk 1:20:55]} g6 {[%clk 1:30:31]} 11.Qh6 {[%clk 1:21:21]}
Re8 {[%clk 1:30:36]} 12.Bg5 {[%clk 1:21:31]} Bf8 {[%clk 1:30:42]}
13.Bxd8 {[%clk 1:16:20]} Bxh6 {[%clk 1:31:05]} 14.Bxc7 {[%clk 1:16:48]}
Bf5 {[%clk 1:31:26]} 15.Rab1 {[%clk 1:04:49]} Rac8 {[%clk 0:21:14]}
16.Bb5 {[%clk 0:55:55]} Re6 {[%clk 0:21:26]} 17.Bd6 {[%clk 0:56:07]}
Rxc3 {[%clk 0:17:26]} 18.Bd7 {[%clk 0:53:00]} Rxd6 {[%clk 0:17:11]}
19.exd6 {[%clk 0:52:50]} Bxd7 {[%clk 0:17:36]} 20.Rxb7 {[%clk 0:53:17]}
Be6 {[%clk 0:17:11]} 21.d7 {[%clk 0:52:24]} Bg5 {[%clk 0:17:33]}
22.Rb8+ {[%clk 0:48:46]} Kg7 {[%clk 0:18:02]} 23.d8Q {[%clk 0:49:10]}
Bxd8 {[%clk 0:18:27]} 24.Rxd8 {[%clk 0:49:36]} Rxc2 {[%clk 0:18:51]}
25.Ra1 {[%clk 0:50:04]} a5 {[%clk 0:14:41]} 26.Ra8 {[%clk 0:43:46]}
d4 {[%clk 0:13:28]} 27.Rd1 {[%clk 0:43:50]} Rxa2 {[%clk 0:12:19]}
28.f3 {[%clk 0:44:15]} a4 {[%clk 0:11:42]} 29.Rxd4 {[%clk 0:44:41]}
Ra1+ {[%clk 0:11:19]} 30.Kf2 {[%clk 0:42:34]} a3 {[%clk 0:11:44]}
31.Rda4 {[%clk 0:42:56]} 1/2-1/2

[Event "World Cup 2021"]
[Site "Sochi"]
[Date "2021.07.15"]
[Round "2.1"]
[White "Matlakov Maxim (RUS)"]
[Black "Gretarsson Hjorvar Steinn (ISL)"]
[Result "1-0"]
[WhiteElo "2688"]
[BlackElo "2603"]
[Annotator ""]
[Source ""]
[Remark ""]

1.e4 {[%clk 1:30:53]} c5 {[%clk 1:30:44]} 2.Nf3 {[%clk 1:31:16]}
d6 {[%clk 1:31:02]} 3.d4 {[%clk 1:31:19]} cxd4 {[%clk 1:31:25]}
4.Nxd4 {[%clk 1:31:44]} Nf6 {[%clk 1:31:48]} 5.Nc3 {[%clk 1:32:07]}
a6 {[%clk 1:32:12]} 6.Bg5 {[%clk 1:31:59]} e6 {[%clk 1:30:40]}
7.f4 {[%clk 1:32:01]} h6 {[%clk 1:31:05]} 8.Bh4 {[%clk 1:32:19]}
Qb6 {[%clk 1:31:12]} 9.Qd2 {[%clk 1:24:11]} Qxb2 {[%clk 1:31:07]}
10.Rb1 {[%clk 1:13:39]} Qa3 {[%clk 1:30:59]} 11.e5 {[%clk 1:14:05]}
dxe5 {[%clk 1:29:47]} 12.fxe5 {[%clk 1:14:32]} Nd5 {[%clk 1:29:45]}
13.Nxd5 {[%clk 1:07:49]} exd5 {[%clk 1:27:09]} 14.e6 {[%clk 1:05:58]}
Bxe6 {[%clk 1:26:43]} 15.Nxe6 {[%clk 1:00:52]} fxe6 {[%clk 1:25:09]}
16.Bd3 {[%clk 1:01:18]} Be7 {[%clk 1:17:54]} 17.Bxe7 {[%clk 0:55:20]}
Kxe7 {[%clk 1:07:12]} 18.c4 {[%clk 0:34:55]} Nd7 {[%clk 0:32:30]}
19.cxd5 {[%clk 0:34:21]} Rhf8 {[%clk 0:23:14]} 20.Rxb7 {[%clk 0:26:16]}
Rab8 {[%clk 0:21:03]} 21.Rxb8 {[%clk 0:23:52]} Rxb8 {[%clk 0:21:11]}
22.O-O {[%clk 0:24:06]} Qc5+ {[%clk 0:13:05]} 23.Kh1 {[%clk 0:21:21]}
Qxd5 {[%clk 0:13:03]} 24.Qc3 {[%clk 0:20:35]} Qe5 {[%clk 0:12:29]}
25.Qa3+ {[%clk 0:19:32]} Qc5 {[%clk 0:12:36]} 26.Qxa6 {[%clk 0:19:14]}
Rb2 {[%clk 0:08:56]} 27.h3 {[%clk 0:13:59]} Rd2 {[%clk 0:06:07]}
28.Be4 {[%clk 0:11:04]} Rd6 {[%clk 0:05:23]} 29.Qe2 {[%clk 0:08:48]}
Qe5 {[%clk 0:05:14]} 30.Qc2 {[%clk 0:08:11]} Qb5 {[%clk 0:03:36]}
31.Rc1 {[%clk 0:05:58]} Qg5 {[%clk 0:02:38]} 32.Rf1 {[%clk 0:04:12]}
Nc5 {[%clk 0:01:51]} 33.Bf3 {[%clk 0:03:51]} Nd3 {[%clk 0:01:22]}
34.a4 {[%clk 0:03:28]} Qc5 {[%clk 0:01:03]} 35.Qe2 {[%clk 0:03:01]}
Rd4 {[%clk 0:00:54]} 36.Be4 {[%clk 0:02:26]} Ne5 {[%clk 0:00:49]}
37.Qf2 {[%clk 0:02:21]} Nd7 {[%clk 0:01:13]} 38.Qf7+ {[%clk 0:02:03]}
Kd6 {[%clk 0:01:41]} 39.Bf3 {[%clk 0:01:30]} Qg5 {[%clk 0:01:16]}
40.Bg4 {[%clk 0:00:48]} Qe7 {[%clk 0:01:13]} 41.Qf2 {[%clk 0:28:08]}
e5 {[%clk 0:20:17]} 42.Qc2 {[%clk 0:21:27]} Nc5 {[%clk 0:11:28]}
43.Rc1 {[%clk 0:17:49]} Rd5 {[%clk 0:10:37]} 44.Qg6+ {[%clk 0:12:42]}
Qf6 {[%clk 0:09:28]} 45.Qe8 {[%clk 0:13:07]} Qe7 {[%clk 0:03:38]}
46.Qa8 {[%clk 0:07:42]} e4 {[%clk 0:03:27]} 47.a5 {[%clk 0:08:05]}
h5 {[%clk 0:02:49]} 48.a6 {[%clk 0:06:22]} hxg4 {[%clk 0:01:50]}
49.a7 {[%clk 0:06:07]} Qg5 {[%clk 0:01:45]} 50.Qb8+ {[%clk 0:03:58]}
Ke7 {[%clk 0:00:49]} 51.a8Q {[%clk 0:02:53]} Qxc1+ {[%clk 0:01:00]}
52.Kh2 {[%clk 0:03:22]} Nd7 {[%clk 0:00:39]} 53.Qd8+ {[%clk 0:01:53]}
Kd6 {[%clk 0:00:40]} 54.Qab8+ {[%clk 0:02:17]} Ke6 {[%clk 0:00:46]}
55.Qg8+ {[%clk 0:02:36]} Ke7 {[%clk 0:00:34]} 56.Qxg7+ {[%clk 0:02:39]}
Ke6 {[%clk 0:01:03]} 57.Qe8+ {[%clk 0:02:55]} 1-0

[Event "World Cup 2021"]
[Site "Sochi"]
[Date "2021.07.15"]
[Round "2.1"]
[White "Salem A.R. Saleh (UAE)"]
[Black "Indjic Aleksandar (SRB)"]
[Result "0-1"]
[WhiteElo "2682"]
[BlackElo "2607"]
[Annotator ""]
[Source ""]
[Remark ""]

1.d4 {[%clk 1:30:52]} Nf6 {[%clk 1:29:04]} 2.c4 {[%clk 1:31:17]}
e6 {[%clk 1:28:20]} 3.Nf3 {[%clk 1:31:40]} d5 {[%clk 1:27:56]}
4.g3 {[%clk 1:31:23]} Bb4+ {[%clk 1:26:19]} 5.Bd2 {[%clk 1:31:47]}
a5 {[%clk 1:25:42]} 6.Bg2 {[%clk 1:31:32]} O-O {[%clk 1:24:58]}
7.O-O {[%clk 1:31:56]} dxc4 {[%clk 1:23:45]} 8.Bg5 {[%clk 1:32:17]}
h6 {[%clk 1:21:54]} 9.Bxf6 {[%clk 1:30:05]} Qxf6 {[%clk 1:22:14]}
10.a3 {[%clk 1:15:33]} Bd6 {[%clk 1:11:07]} 11.Nbd2 {[%clk 0:57:57]}
b5 {[%clk 1:08:52]} 12.b3 {[%clk 0:57:11]} cxb3 {[%clk 1:06:10]}
13.Qxb3 {[%clk 0:56:43]} Ba6 {[%clk 1:04:44]} 14.Ne5 {[%clk 0:49:22]}
Ra7 {[%clk 1:02:52]} 15.Ne4 {[%clk 0:48:56]} Qe7 {[%clk 1:03:11]}
16.Qe3 {[%clk 0:43:51]} Bb7 {[%clk 0:59:13]} 17.Rfb1 {[%clk 0:34:22]}
Bxe4 {[%clk 0:49:22]} 18.Qxe4 {[%clk 0:31:45]} Bxe5 {[%clk 0:48:56]}
19.Qxe5 {[%clk 0:28:46]} c6 {[%clk 0:48:52]} 20.Rc1 {[%clk 0:28:36]}
Rc8 {[%clk 0:47:46]} 21.Qe3 {[%clk 0:24:04]} Rb7 {[%clk 0:34:40]}
22.h4 {[%clk 0:22:40]} Qd8 {[%clk 0:33:37]} 23.Qc3 {[%clk 0:16:00]}
Qb6 {[%clk 0:31:31]} 24.Rab1 {[%clk 0:13:09]} Rbc7 {[%clk 0:30:31]}
25.Qb2 {[%clk 0:11:05]} Nd7 {[%clk 0:29:51]} 26.e3 {[%clk 0:11:32]}
Rb8 {[%clk 0:29:00]} 27.Bf1 {[%clk 0:09:32]} Nf6 {[%clk 0:28:04]}
28.Rc5 {[%clk 0:08:02]} Nd5 {[%clk 0:24:02]} 29.Qc2 {[%clk 0:08:03]}
Rbc8 {[%clk 0:23:21]} 30.Bg2 {[%clk 0:06:11]} Nf6 {[%clk 0:23:02]}
31.Qb2 {[%clk 0:04:44]} Nd7 {[%clk 0:22:00]} 32.Rcc1 {[%clk 0:05:06]}
Rb8 {[%clk 0:20:32]} 33.Bf1 {[%clk 0:05:19]} Rcc8 {[%clk 0:19:44]}
34.Qd2 {[%clk 0:03:20]} Qa7 {[%clk 0:14:42]} 35.Rc2 {[%clk 0:03:18]}
Nf6 {[%clk 0:13:39]} 36.Qc1 {[%clk 0:01:46]} Qd7 {[%clk 0:10:55]}
37.Bg2 {[%clk 0:01:25]} Nd5 {[%clk 0:06:46]} 38.Rc5 {[%clk 0:01:54]}
Ne7 {[%clk 0:06:52]} 39.Be4 {[%clk 0:02:04]} Rb6 {[%clk 0:05:34]}
40.Qd2 {[%clk 0:01:27]} a4 {[%clk 0:04:45]} 41.Bc2 {[%clk 0:28:08]}
Rcb8 {[%clk 0:31:23]} 42.Qd3 {[%clk 0:26:26]} f5 {[%clk 0:31:43]}
43.e4 {[%clk 0:14:23]} Rd8 {[%clk 0:27:10]} 44.Rb4 {[%clk 0:07:31]}
Rbb8 {[%clk 0:26:06]} 45.h5 {[%clk 0:06:26]} Rf8 {[%clk 0:24:26]}
46.Qe3 {[%clk 0:03:39]} Qe8 {[%clk 0:18:53]} 47.Qe2 {[%clk 0:02:26]}
Qf7 {[%clk 0:17:44]} 48.Re5 {[%clk 0:02:55]} f4 {[%clk 0:17:14]}
49.Bb1 {[%clk 0:01:53]} fxg3 {[%clk 0:15:06]} 50.fxg3 {[%clk 0:02:21]}
Qf3 {[%clk 0:13:53]} 51.Qxf3 {[%clk 0:01:24]} Rxf3 {[%clk 0:14:21]}
52.Ba2 {[%clk 0:01:37]} Rxg3+ {[%clk 0:14:36]} 53.Kh2 {[%clk 0:02:01]}
Rxa3 {[%clk 0:14:57]} 54.Bxe6+ {[%clk 0:02:16]} Kf8 {[%clk 0:14:53]}
55.d5 {[%clk 0:01:41]} Rd8 {[%clk 0:14:08]} 56.Rd4 {[%clk 0:00:45]}
Rf3 {[%clk 0:12:40]} 57.d6 {[%clk 0:00:51]} Nc8 {[%clk 0:12:31]}
58.Bxc8 {[%clk 0:00:42]} Rxc8 {[%clk 0:12:59]} 59.Rc5 {[%clk 0:00:56]}
Rf6 {[%clk 0:07:25]} 60.e5 {[%clk 0:01:25]} Re6 {[%clk 0:07:44]}
61.Rf4+ {[%clk 0:01:48]} Kg8 {[%clk 0:07:05]} 62.Rd4 {[%clk 0:02:01]}
Rd8 {[%clk 0:06:29]} 63.Rd3 {[%clk 0:01:28]} b4 {[%clk 0:04:07]}
64.Rd4 {[%clk 0:01:57]} Rb8 {[%clk 0:03:33]} 65.Rxc6 b3 {[%clk 0:03:53]}
66.Rcc4 {[%clk 0:00:32]} b2 {[%clk 0:03:38]} 67.Rd1 {[%clk 0:00:35]}
b1Q {[%clk 0:03:29]} 68.Rxb1 {[%clk 0:00:51]} Rxb1 {[%clk 0:03:56]}
69.d7 {[%clk 0:00:32]} Rd1 {[%clk 0:04:20]} 70.Rc8+ {[%clk 0:00:55]}
Kf7 {[%clk 0:04:41]} 0-1

[Event "World Cup 2021"]
[Site "Sochi"]
[Date "2021.07.15"]
[Round "2.1"]
[White "Gelfand Boris (ISR)"]
[Black "Braun Arik (GER)"]
[Result "1-0"]
[WhiteElo "2675"]
[BlackElo "2609"]
[Annotator ""]
[Source ""]
[Remark ""]

1.d4 {[%clk 1:30:57]} Nf6 {[%clk 1:30:51]} 2.c4 {[%clk 1:31:24]}
e6 {[%clk 1:31:16]} 3.Nf3 {[%clk 1:31:51]} a6 {[%clk 1:31:39]}
4.Nc3 {[%clk 1:28:44]} d5 {[%clk 1:31:58]} 5.cxd5 {[%clk 1:28:47]}
exd5 {[%clk 1:32:22]} 6.Bg5 {[%clk 1:28:51]} Be6 {[%clk 1:32:30]}
7.Bxf6 {[%clk 1:28:14]} Qxf6 {[%clk 1:32:49]} 8.Qb3 {[%clk 1:28:41]}
Ra7 {[%clk 1:32:06]} 9.a3 {[%clk 1:28:36]} Qd8 {[%clk 1:28:29]}
10.h4 {[%clk 1:28:11]} Be7 {[%clk 1:23:46]} 11.Qc2 {[%clk 1:22:40]}
Nd7 {[%clk 1:20:11]} 12.e4 {[%clk 1:08:50]} dxe4 {[%clk 1:16:25]}
13.Nxe4 {[%clk 1:08:24]} Nf6 {[%clk 1:10:42]} 14.Neg5 {[%clk 0:59:00]}
Bd5 {[%clk 1:00:15]} 15.Ne5 {[%clk 0:55:37]} c6 {[%clk 0:53:05]}
16.Bc4 {[%clk 0:48:54]} O-O {[%clk 0:48:16]} 17.O-O-O {[%clk 0:47:21]}
Bxc4 {[%clk 0:45:13]} 18.Nxc4 {[%clk 0:44:35]} g6 {[%clk 0:38:57]}
19.Ne5 {[%clk 0:37:18]} Nh5 {[%clk 0:32:55]} 20.Nxh7 {[%clk 0:30:47]}
Kxh7 {[%clk 0:31:52]} 21.g4 {[%clk 0:30:34]} Nf4 {[%clk 0:27:35]}
22.Qe4 {[%clk 0:30:50]} Ne6 {[%clk 0:23:21]} 23.h5 {[%clk 0:29:31]}
Ng5 {[%clk 0:22:30]} 24.hxg6+ {[%clk 0:26:44]} Kg7 {[%clk 0:22:44]}
25.Qc2 {[%clk 0:24:44]} f6 {[%clk 0:20:13]} 26.Nf7 {[%clk 0:20:50]}
Rxf7 {[%clk 0:17:13]} 27.gxf7 {[%clk 0:20:55]} Qd6 {[%clk 0:16:26]}
28.Qf5 {[%clk 0:10:19]} Qd5 {[%clk 0:12:49]} 29.f8Q+ {[%clk 0:08:32]}
Bxf8 {[%clk 0:10:54]} 30.f4 {[%clk 0:07:57]} Qxf5 {[%clk 0:10:26]}
31.gxf5 {[%clk 0:08:21]} Nh7 {[%clk 0:10:41]} 32.Rdg1+ {[%clk 0:07:40]}
Kh8 {[%clk 0:11:03]} 33.Rg6 {[%clk 0:07:08]} Bg7 {[%clk 0:06:45]}
34.Rg3 {[%clk 0:07:10]} Kg8 {[%clk 0:04:56]} 35.Re3 {[%clk 0:02:40]}
b6 {[%clk 0:04:17]} 36.Re8+ {[%clk 0:02:48]} Nf8 {[%clk 0:04:25]}
37.Rc8 {[%clk 0:01:31]} Kf7 {[%clk 0:02:14]} 38.Rxc6 {[%clk 0:01:38]}
Nd7 {[%clk 0:02:31]} 39.Kd2 {[%clk 0:01:26]} Ra8 {[%clk 0:02:07]}
40.Ke3 {[%clk 0:01:11]} Re8+ {[%clk 0:01:54]} 41.Kf3 {[%clk 0:29:07]}
a5 {[%clk 0:24:40]} 42.Rc7 {[%clk 0:26:20]} Re7 {[%clk 0:16:30]}
43.Rhc1 {[%clk 0:25:37]} Nf8 {[%clk 0:15:47]} 44.d5 {[%clk 0:24:32]}
Rd7 {[%clk 0:14:45]} 45.d6 {[%clk 0:24:15]} Ke8 {[%clk 0:14:27]}
46.Rxd7 {[%clk 0:23:10]} Nxd7 {[%clk 0:14:46]} 47.Rc8+ {[%clk 0:23:37]}
Kf7 {[%clk 0:15:11]} 48.b4 {[%clk 0:22:56]} axb4 {[%clk 0:14:36]}
49.axb4 {[%clk 0:23:23]} b5 {[%clk 0:14:19]} 50.Rd8 {[%clk 0:23:05]}
Nb6 {[%clk 0:14:28]} 51.d7 {[%clk 0:22:08]} 1-0

[Event "World Cup 2021"]
[Site "Sochi"]
[Date "2021.07.15"]
[Round "2.1"]
[White "Onischuk Alexander (USA)"]
[Black "Paravyan David (RUS)"]
[Result "0-1"]
[WhiteElo "2649"]
[BlackElo "2625"]
[Annotator ""]
[Source ""]
[Remark ""]

1.d4 {[%clk 1:30:56]} Nf6 {[%clk 1:30:53]} 2.c4 {[%clk 1:31:17]}
g6 {[%clk 1:31:18]} 3.g3 {[%clk 1:30:25]} c6 {[%clk 1:31:43]}
4.Bg2 {[%clk 1:29:50]} d5 {[%clk 1:32:07]} 5.Nf3 {[%clk 1:30:06]}
Bg7 {[%clk 1:32:31]} 6.O-O {[%clk 1:29:55]} O-O {[%clk 1:32:56]}
7.Nbd2 {[%clk 1:29:35]} Bf5 {[%clk 1:33:12]} 8.b3 {[%clk 1:29:29]}
Nbd7 {[%clk 1:33:37]} 9.Nh4 {[%clk 1:26:40]} Be6 {[%clk 1:31:20]}
10.Bb2 {[%clk 1:25:49]} Rc8 {[%clk 1:27:53]} 11.Rc1 {[%clk 1:19:19]}
Qa5 {[%clk 1:27:52]} 12.a3 {[%clk 1:16:40]} Rfd8 {[%clk 1:21:47]}
13.b4 {[%clk 1:09:52]} Qa6 {[%clk 1:18:31]} 14.c5 {[%clk 1:09:34]}
b6 {[%clk 1:15:57]} 15.h3 {[%clk 1:07:24]} Ne4 {[%clk 1:15:21]}
16.Nhf3 {[%clk 0:49:46]} bxc5 {[%clk 1:11:33]} 17.Nxe4 {[%clk 0:45:39]}
dxe4 {[%clk 1:11:58]} 18.Nd2 {[%clk 0:35:10]} cxd4 {[%clk 1:04:32]}
19.Nxe4 {[%clk 0:34:44]} d3 {[%clk 1:02:05]} 20.Qd2 {[%clk 0:29:43]}
dxe2 {[%clk 1:02:08]} 21.Bxg7 {[%clk 0:30:08]} exf1Q+ {[%clk 0:35:54]}
22.Bxf1 {[%clk 0:30:11]} Qxa3 {[%clk 0:35:09]} 23.Qh6 {[%clk 0:24:04]}
Qxc1 {[%clk 0:34:53]} 24.Qxc1 {[%clk 0:23:53]} Kxg7 {[%clk 0:35:20]}
25.Ba6 {[%clk 0:20:31]} Rb8 {[%clk 0:35:25]} 26.Qxc6 {[%clk 0:20:07]}
Nf6 {[%clk 0:35:48]} 27.Nxf6 {[%clk 0:18:41]} exf6 {[%clk 0:36:09]}
28.Qc5 {[%clk 0:15:58]} Bxh3 {[%clk 0:28:50]} 29.b5 {[%clk 0:14:24]}
Rb6 {[%clk 0:28:07]} 0-1